000 01242nam0a2200301 4500
001 RU\NLR\BIBL_A\011374937
005 20250626054433.0
010 _a978-5-4365-1020-0
_91000
035 _a(NLR Aleph) 011374937
090 _a11372180
_c11372180
100 _a20170426d2017 |||y0rusy50 ca
101 0 _arus
102 _aRU
105 _ay z 000zy
200 1 _aОсобенности контроля над обычными вооруженными силами в Европе
_eмонография
_fА. М. Тузин, М. В. Данилина
210 _aМосква
_cРусайнс
_d2017
215 _a216 с.
_d21
320 _aБиблиогр.: с. 193-207 (224 назв.)
606 1 _aВооружение
_xКонтроль
_yЕвропа Западная
_92539993
_3RU\NLR\AUTH\661503817
606 1 _aВооружение
_xКонтроль
_xМеждународно-правовые вопросы
_92166977
_3RU\NLR\AUTH\661303773
686 1 _aЦ9(4)
686 1 _aХ918.13
700 1 _aТузин
_bА. М.
_gАнтон Михайлович
701 1 _aДанилина
_bМ. В.
_gМарина Викторовна
942 _cBOOK
980 _aNB